00708nam a2200241 a 4500001001300000003000900013005001700022008004100039020000900080082001600089100001800105245004200123260003000165300000800195500003500203505003400238650002900272700001800301902000800319942000700327952011500334999001700449nice12345678IN_TiNIC20260116013722.0050524s1996 dela grp 000 0 eng  ac1500a297.64bHUS aHussain, Riaz aAbdullahb Father of the Holy Prophet aDelhibClassic Artsc1996 a39p aincludes index and biblioraphy2 aAppendix, Bibliography, Index aMuhammad, Prophet-Family1 aHussain, Riaz bSRS cBK 001040708StackRoom-aHMIbHMId2007-07-10g15.00l0o297.64 HUSp018056r2007-07-10v15.00w2005-05-24yBK c12141d12141